Statistics for Modern Day Countries That Were Once in Assyria

Click here to take the quiz!

General Stats

  • This quiz has been taken 18 times
  • The average score is 7 of 8

Answer Stats

Answer% Correct
Iran
100%
Iraq
100%
Syria
94%
Turkey
94%
Israel
89%
Saudi Arabia
89%
Kuwait
83%
Lebanon
83%

Score Distribution

Percentile by Number Answered

Percent of People with Each Score

Your Score History

You have not taken this quiz